000 00771cam a2200229 4500
001 J105406
008 000000n2000 000 0 eng u
035 _a(Sirsi) u105406
110 _aRoyal Institution of Chartered Surveyors
_94900
245 _aLand management implications of enhanced access to the open countryside.
260 _aLondon
_bRICS
_c2000
300 _a32p. ; 30cm.
490 _aRICS Policy Unit Submission
520 _aContents: executive summary; introduction; key land management problems and solutions; recommendations
650 _aRIGHT TO ROAM
650 _aACCESS TO THE COUNTRYSIDE BILL
650 _aLAND MANAGEMENT
650 _aFOOTPATHS
650 _aRIGHTS OF WAY
690 _aRURAL-NATURE CONSERVATION
942 _n0
_2ddc
999 _c100387
_d100387